000 00214 a2200097 4500
001 14109
100 _aJones Daniel
245 _aPhonetic readings in English
260 _a
_bCard winter
_c
090 _c11054
_d11054
942 _aNUST-CAE
_cM
_c1175
999 _c249182
_d249182